000 00454nam a2200217 454500
001 083516
003 BD-ChCU
008 Eng
020 _ax
040 _aDLC
_cDLC
_dBD-ChCU
082 0 0 _a519.5/NEA
100 1 _aNeter,John
_bx
245 1 0 _aApplied statistics
_bx
250 _ax
260 _aBoston,
_bAllyn,
_c1979
300 _axix,743p.
504 _a
650 0 _aStatistics.
_bMathematics.
700 1 _ax
942 _2ddc
_cBK
999 _c83516
_d83516